Geography Quiz

Random Geography or World Quiz

'B' World Metros Quiz Stats

 Plays Quiz Updated Oct 6, 2017

Challenge
Share
Tweet
Embed
Score 0/20 Timer 07:00
1 Play Today
Rank City % Correct
50Boston, USA
84.6%
13Beijing, China
81.4%
97Berlin, Germany
77.9%
22Buenos Aires, Argentina
61%
121Brasília, Brazil
59.8%
18Bangkok, Thailand
58.7%
92Barcelona, Spain
57.7%
153Birmingham, UK
57.3%
180Baltimore, USA
56.3%
39Bogotá, Colombia
51%
Rank City % Correct
194Budapest, Hungary
47.7%
58Baghdad, Iraq
45.8%
171Brisbane, Australia
39.6%
31Bangalore, India
33.3%
206Baku, Azerbaijan
22.1%
85Belo Horizonte, Brazil
21.3%
102Busan, South Korea
20.4%
167Bamako, Mali
20.3%
68Bandung, Indonesia
11.8%
195Bhilai, India
5.8%

You're not logged in!

Compare scores with friends on all Sporcle quizzes.
OR
Log In

You Might Also Like...

Show Comments

Extras

Top Quizzes Today


Score Distribution

Your Account Isn't Verified!

In order to create a playlist on Sporcle, you need to verify the email address you used during registration. Go to your Sporcle Settings to finish the process.

Report this User

Report this user for behavior that violates our Community Guidelines.

Details: